Questo è l'uomo-Viaggio fotografico dentro il corpo umano (Record n. 70631)
[ formato base ]
| 000 -LEADER | |
|---|---|
| fixed length control field | 01382nam a2200349Ia 4500 |
| 001 - CONTROL NUMBER | |
| control field | 13103 |
| 003 - CONTROL NUMBER IDENTIFIER | |
| control field | IT-RoPAU |
| 008 - FIXED-LENGTH DATA ELEMENTS--GENERAL INFORMATION | |
| fixed length control field | 130308s9999 xx 000 0 und d |
| 040 ## - CATALOGING SOURCE | |
| Original cataloging agency | IT-RoPAU |
| 040 ## - CATALOGING SOURCE | |
| Transcribing agency | IT-RoPAU |
| 041 ## - LANGUAGE CODE | |
| Language code of text/sound track or separate title | ITALIANO |
| 999 ## - SYSTEM CONTROL NUMBERS (KOHA) | |
| Koha Dewey Subclass [OBSOLETE] | SI |
| 100 ## - MAIN ENTRY--PERSONAL NAME | |
| Personal name | Nilsson Lennart |
| 100 ## - MAIN ENTRY--PERSONAL NAME | |
| Miscellaneous information | Codice Aut. SPICS: 3175 |
| 240 ## - UNIFORM TITLE | |
| Uniform title | SE MANNISKAN |
| 240 ## - UNIFORM TITLE | |
| Miscellaneous information | Codice Tit. Orig. Spics: T2137 |
| 245 ## - TITLE STATEMENT | |
| Title | Questo è l'uomo-Viaggio fotografico dentro il corpo umano |
| 245 ## - TITLE STATEMENT | |
| Remainder of title | Questo è L'Uomo-Viaggio fotografico Dentro Il Corpo Umano |
| 250 ## - EDITION STATEMENT | |
| Edition statement | 1a ed. |
| 260 ## - PUBLICATION, DISTRIBUTION, ETC. (IMPRINT) | |
| Place of publication, distribution, etc. | MILANO |
| 260 ## - PUBLICATION, DISTRIBUTION, ETC. (IMPRINT) | |
| Name of publisher, distributor, etc. | Ep/Gruppo Periodici |
| 260 ## - PUBLICATION, DISTRIBUTION, ETC. (IMPRINT) | |
| Date of publication, distribution, etc. | 1974 [1° Ed.:1974 - Ed.Ling.Originale:1973] |
| 300 ## - PHYSICAL DESCRIPTION | |
| Extent | "256 p. (prefazione: no ; testo: 256)" |
| 500 ## - GENERAL NOTE | |
| General note | Cellula del Corpo Umano Organizzazione cellulare tessuti e Organi Riproduzione Sangue tessuto Liquido dell'Organismo Vasi Linfatici Sistema di Drenaggio dell'Organismo Respirazione Temperatura Corporea Reni pelle Muscoli Scheletro vivente Denti Digestione Sistema nervoso Organi di Senso Vista Uditomantenersi in Equilibrio Sensibilità e dolore Odorato gusto Testi di David H. Ingvar Stig Nordfeldt e Rune Pettersson |
| 650 ## - SUBJECT ADDED ENTRY--TOPICAL TERM | |
| Topical term or geographic name as entry element | AUTORI/OPERE DI FOTOGRAFIA |
| 650 ## - SUBJECT ADDED ENTRY--TOPICAL TERM | |
| Relator term | Codice materia Spics: 6757 |
| 700 ## - ADDED ENTRY--PERSONAL NAME | |
| Personal name | Lindberg Jan |
| 700 ## - ADDED ENTRY--PERSONAL NAME | |
| Miscellaneous information | Codice Aut. SPICS: 4610 |
| 942 ## - ADDED ENTRY ELEMENTS (KOHA) | |
| Koha item type | LIBRO |
| 957 ## - | |
| -- | 1 |
| 999 ## - SYSTEM CONTROL NUMBERS (KOHA) | |
| -- | 1 |
| Withdrawn status | Lost status | Damaged status | Not for loan | Home library | Current library | Date acquired | Total Checkouts | Full call number | Date last seen | Price effective from | Koha item type | Public note |
|---|---|---|---|---|---|---|---|---|---|---|---|---|
| Buone Condizioni | Not For Loan | SPICS-MEDIATECA | SPICS-MEDIATECA | 08/03/2013 | 13103 | 08/03/2013 | 08/03/2013 | LIBRO | Progressivo inserimento: 31536 / N. Volumi: 1 Copie: 1 Copia Rara: SI / data import: 1 marzo 2013 - By Epidotti, Trombetti, Vaglietti. |